000 02147nkm a2200409 c 4500
003 BLK
005 20180421002025.0
008 180412b bul rap|r|||| r0| ||bulo|
010 _aKNG00163135000
040 _aBLK
041 _aRUS
_cRUS
_hENG
080 _aХудожествени предмети от стъкло и кристал. Витражно изкуство
_b748
_x(47+57)(092)
_z748(47+57)(092)
080 _aРуски художник
_b929 Шушканов, Дмитрий Николаевич
_x
_z929 Шушканов, Дмитрий Николаевич
080 _aРуска художничка
_b929 Шушканова, Людмила Николаевна
_x
_z929 Шушканова, Людмила Николаевна
700 1 _aКантор, Карл Моисеевич
_eавт.-состав.
_9352349
700 1 _aШушканов, Дмитрий Николаевич
_9144391
700 1 _aШушканова, Людмила Николаевна
_9144392
139 _aКантор, Карл Моисеевич
_bШ 97
245 1 0 _aЛюдмила и Дмитрий Шушкановы
_bО художественном образе быта в станкоково-прикладном искусстве
_cавт.-состав. Карл Моисеевич Кантор; Дмитрий Николаевич Шушканов; Людмила Николаевна Шушканова.
246 1 1 _aLiudmila and Dmitry Shushkanov
257 _aSUN
260 Москва
_bСов. художник
_c1981
300 _a200 с.
_bс ил.
_c31 см
380 _a7
500 _a30 000 тир.
600 1 4 _aШушканов, Дмитрий Николаевич
_9144391
600 1 4 _aШушканова, Людмила Николаевна
_9144392
650 4 _aСтъкло
_9172725
651 4 _aСССР
_9179592
653 _aдекоративно изкуство
653 _aстъкло
852 _aЦб Гр А ІІ 2848
856 4 _qpdf
_u
856 4 _qpdf
_u
942 _cGRA
_n0
944 _aCR
_c16.07.2014
_l16.07.2014 - от С1,Р / 16.07.2014
_kКамелия_Данева
944 _aED
_c16.07.2014
_l16.07.2014 - от С1,Р / 16.07.2014
_k
999 _c210229
_d210229